000 00866nam a22002651 4500
001 28312
003 BD-RjUL
005 20211209051250.0
008 140330r19541953mdu 101 0 eng
035 _a(BD-RjUL)28393
035 _a(OCoLC)409125
040 _aDLC
_cODaWU
_dOCoLC
_dUk
_dPBfG
_dDLC
_dBD-RjUL
_beng
041 _aeng
082 _a959
_bSOU 1954
245 1 0 _aSoutheast Asia in the coming world /
_cWith a foreword by William O. Douglas.
260 _aBaltimore :
_bJohns Hopkins Press,
_cc1953 [Reprinted 1954].
300 _axii, 306 p. ;
_c23 cm.
504 _aIncludes index.
651 0 _aSoutheast Asia
_vCongresses.
_977470
700 1 _aThayer, Philip Warren,
_d1893-1966.
_986715
710 2 _aJohns Hopkins University.
_bSchool of Advanced International Studies.
_986716
942 _2ddc
_cBK
999 _c28312
_d28312